Mzdové nároky pri nerovnomerne rozvrhnutom pracovnom čase

Základné podmienky pre nerovnomerné rozvrhnutie pracovného času vymedzené v Zákonníku práce. Mzda zamestnanca s nerovnomerne rozvrhnutým pracovným časom. Sviatok u zamestnanca s nerovnomerne rozvrhnutým pracovným časom. Práca nadčas. Konto pracovného času. Praktické príklady.

Na minha lista:
Detalhes bibliográficos
Autor principal: Gášpárová, Eva
Formato: Capítulo de Livro
Idioma:eslovaco
Assuntos:
Tags: Adicionar Tag
Sem tags, seja o primeiro a adicionar uma tag!

MARC

LEADER 00000naa a2200000 4500
001 0221612
005 20231109105826.8
041 0 |a slo 
044 |a SK 
245 1 0 |a Mzdové nároky pri nerovnomerne rozvrhnutom pracovnom čase  |c Eva Gášpárová 
520 |a Základné podmienky pre nerovnomerné rozvrhnutie pracovného času vymedzené v Zákonníku práce. Mzda zamestnanca s nerovnomerne rozvrhnutým pracovným časom. Sviatok u zamestnanca s nerovnomerne rozvrhnutým pracovným časom. Práca nadčas. Konto pracovného času. Praktické príklady. 
610 2 0 |a čas pracovný 
610 2 0 |a práca 
610 2 0 |a práca nadčasová 
610 2 0 |a mzdy 
610 2 0 |a zamestnanci 
610 2 0 |a zamestnávatelia 
610 2 0 |a zákonník práce 
100 1 |a Gášpárová, Eva